00426nam a22001337a 4500008004100000040005500041080002400096100002300120245006200143260004600205300001100251650001500262653001500277230515b |||||||| |||| 00| 0 eng d aNational Science LibrarycNational Science Library a551.4(1-925.36)bN0 aPande, Ravindra K  aQuantitative geomorphology of a Himalayan drainage basin  aAlmora: bShree Almora Book Depot, c1990 a257p.  aGeography  aHimalayan